000 00734cam a22002413a 4500
001 34572
003 PGUSA
005 20140828083739.0
008 101206s2010||||xxu|||||s|||||000 | eng d
040 _aPGUSA
_beng
042 _adc
050 4 _aB
100 1 _aIbn Tufayl, Muhammad ibn 'Abd al-Malik,
_d-1185
245 1 4 _aThe Awakening of the Soul
_h[electronic resource] /
_cMuhammad ibn 'Abd al-Malik Ibn Tufayl
260 _bProject Gutenberg,
_c2010
506 _aPublic domain in the USA.
516 _aElectronic text
653 _aIslamic philosophy -- Early works to 1800
700 1 _aBrönnle, Paul,
_d1867-
830 0 _aProject Gutenberg
_v34572
856 4 0 _uhttp://www.gutenberg.org/ebooks/34572
942 _cEB
999 _c263827
_d263827